000 01739nam0a2200349 4500
001 RU\NLR\bibl\965287
005 20250614205403.0
010 _a5-86587-308-3
_9100
021 _aRU
_b2006-35503
_91774
035 _a(NLR Aleph) 000953294
090 _a293377
_c293377
100 _a20060706d2006 |||y0rusy50 ca
101 0 _arus
102 _aRU
105 _aa |||||||||
200 1 _aМатематические основы теории систем. Динамические системы
_e[учебное пособие]
_fА.В. Морозов, И.А. Бригаднов
_gФедер. агентство по образованию, Гос. образоват. учреждение высш. проф. образования Сев.-Запад. гос. заоч. техн. ун-т
210 _aСанкт-Петербург
_cСеверо-Западный государственный заочный технический университет
_d2006
215 _a214 с.
_cил.
_d21
320 _aБиблиогр.: с. 208-210 (47 назв.)
320 _aПредм. указ.: с. 211
517 0 _aДинамические системы
606 1 _aДинамические системы
_jУчебные издания для высших учебных заведений
_xТеория
_92040254
_3RU\NLR\auth\661224592
686 _aВ161.618я73-1
686 _aВ236.3я73-1
700 1 _aМорозов
_bА. В.
_gАлексей Валентинович
_4070
701 1 _aБригаднов
_bИ. А.
_gИгорь Альбертович
_4070
801 0 _aRU
_bNLR
_c20060706
_grcr
801 1 _aRU
_bNLR
_c20060706
830 _aАвт. по кн.
942 _cBOOK
980 _aNB